[Event "4NCL Division 2c"]
[Site "Telford, ENG"]
[Date "2019.05.06"]
[Round "11.28"]
[White "Myall, Ivan J"]
[Black "Jagadeesh, Balakrishnan"]
[Result "1-0"]
[WhiteElo "2042"]
[BlackElo "1743"]
[PlyCount "72"]
[EventDate "2019.05.06"]
[WhiteTeam "Anglian Avengers"]
[BlackTeam "Cambridge University 1"]

1. e4 c6 2. d4 d5 3. e5 Bf5 4. h4 h5 5. Bd3 Bxd3 6. Qxd3 e6 7. Bg5 Qa5+ 8. Nd2
Qa6 9. c4 Bb4 10. b3 Nh6 11. Bxh6 Rxh6 12. Ngf3 Nd7 13. O-O Be7 14. Ng5 Bxg5
15. hxg5 Rg6 16. f4 O-O-O 17. Qe3 Qa3 18. cxd5 cxd5 19. Rfc1+ Kb8 20. Qc3 Qe7
21. Qc7+ Ka8 22. Nf3 Qf8 23. a4 Nb8 24. Qc3 Nc6 25. Nh4 a5 26. Qd2 Kb8 27. Rxc6
bxc6 28. Qxa5 Kb7 29. Qc3 Rc8 30. b4 Qe8 31. Rb1 Ka8 32. b5 Qd7 33. Nxg6 fxg6
34. bxc6 Qa7 35. Rb5 Qa6 36. Ra5 Rxc6 1-0

[Event "4NCL Division 2c"]
[Site "Telford, ENG"]
[Date "2019.05.06"]
[Round "11.31"]
[White "Cumming, Rhys"]
[Black "Harakis, Alexis M"]
[Result "1/2-1/2"]
[WhiteElo "2218"]
[BlackElo "2286"]
[PlyCount "29"]
[EventDate "2019.05.06"]
[WhiteTeam "Sussex Martlets 1"]
[BlackTeam "KJCA Kings"]

1. e4 e6 2. d4 d5 3. Nd2 h6 4. Bd3 c5 5. exd5 Qxd5 6. Ngf3 cxd4 7. O-O Nf6 8.
Nb3 Nc6 9. Nbxd4 Nxd4 10. Nxd4 a6 11. c3 b5 12. Qf3 Qxf3 13. Nxf3 Bd7 14. a4 b4
15. a5 1/2-1/2

[Event "4NCL Division 2c"]
[Site "Telford, ENG"]
[Date "2019.05.06"]
[Round "11.32"]
[White "Ratnesan, Ranesh"]
[Black "Payne, Matthew J"]
[Result "0-1"]
[WhiteElo "2116"]
[BlackElo "2275"]
[PlyCount "86"]
[EventDate "2019.05.06"]
[WhiteTeam "KJCA Kings"]
[BlackTeam "Sussex Martlets 1"]

1. d4 Nf6 2. c4 g6 3. g3 Bg7 4. Bg2 d6 5. Nf3 O-O 6. Nc3 Nbd7 7. O-O e5 8. e4
exd4 9. Nxd4 Re8 10. Be3 Nc5 11. f3 a5 12. Qd2 c6 13. Rad1 Nfd7 14. b3 Ne5 15.
h3 a4 16. Qc2 Qa5 17. f4 Ned7 18. Bf2 Qb4 19. Rb1 Nb6 20. Nce2 axb3 21. axb3
Bd7 22. Be1 Qa3 23. Bc3 Qa2 24. Rb2 Qa3 25. Rbb1 Na6 26. b4 Qa4 27. Rb3 c5 28.
bxc5 Nxc4 29. Ra1 Ne3 30. Qc1 Qc4 31. Qxe3 dxc5 32. e5 cxd4 33. Bxd4 Nc5 34.
Rxa8 Nxb3 35. Rxe8+ Bxe8 36. Bxb7 Nxd4 37. Nxd4 Bf8 38. Nb3 Ba4 39. Nd2 Qc1+
40. Kg2 Bc5 41. Qd3 Qg1+ 42. Kf3 Bd1+ 43. Ke4 Qg2+ 0-1

[Event "4NCL Division 2c"]
[Site "Telford, ENG"]
[Date "2019.05.06"]
[Round "11.33"]
[White "Blake, J Morgan"]
[Black "Jamroz, Krzysztof"]
[Result "1-0"]
[WhiteElo "2162"]
[BlackElo "2117"]
[PlyCount "85"]
[EventDate "2019.05.06"]
[WhiteTeam "Sussex Martlets 1"]
[BlackTeam "KJCA Kings"]

1. e4 c5 2. Nf3 e6 3. b3 d5 4. exd5 exd5 5. Bb5+ Bd7 6. Qe2+ Qe7 7. Bxd7+ Nxd7
8. d4 Qxe2+ 9. Kxe2 Ngf6 10. Bb2 O-O-O 11. Rd1 Ne4 12. dxc5 Bxc5 13. Nd4 Rhe8
14. Kf1 Ndf6 15. h3 g5 16. g3 g4 17. h4 Nh5 18. Nc3 f5 19. Nce2 f4 20. Nxf4
Nxf4 21. gxf4 Bd6 22. Ne2 Be7 23. h5 Bh4 24. Bd4 a6 25. Rd3 Re6 26. Ng3 Bxg3
27. fxg3 Rh6 28. Kg2 Rxh5 29. Be5 Rh3 30. Rad1 Re8 31. Re3 Nf6 32. Rc3+ Kd7 33.
Rc7+ Ke6 34. Rxb7 Ne4 35. Rd3 Rc8 36. c3 Rc6 37. Re3 Kf5 38. Rf7+ Ke6 39. Rg7
Kf5 40. Bd4 Rch6 41. Rg5+ Nxg5 42. Re5+ Kf6 43. fxg5+ 1-0

[Event "4NCL Division 2c"]
[Site "Telford, ENG"]
[Date "2019.05.06"]
[Round "11.34"]
[White "Young, Daniel J"]
[Black "Graham, David B"]
[Result "0-1"]
[WhiteElo "1981"]
[BlackElo "2146"]
[PlyCount "134"]
[EventDate "2019.05.06"]
[WhiteTeam "KJCA Kings"]
[BlackTeam "Sussex Martlets 1"]

1. e4 c5 2. Nf3 d6 3. d4 cxd4 4. Nxd4 Nf6 5. Nc3 g6 6. Be3 Bg7 7. f3 O-O 8. Qd2
Nc6 9. Bc4 Bd7 10. O-O-O Qa5 11. h4 Ne5 12. Bb3 Rfc8 13. g4 Nc4 14. Bxc4 Rxc4
15. h5 Rac8 16. Nb3 Qe5 17. hxg6 fxg6 18. Bd4 Qg3 19. g5 Nh5 20. Bxg7 Nxg7 21.
Nd4 Ne6 22. Nxe6 Bxe6 23. f4 Rf8 24. Nd5 Rf7 25. f5 Bxd5 26. Qxd5 Qe3+ 27. Kb1
Qxe4 28. Qxe4 Rxe4 29. fxg6 hxg6 30. Rh6 Re5 31. Rxg6+ Rg7 32. Rxg7+ Kxg7 33.
c4 Rxg5 34. Kc2 Kf7 35. Rf1+ Ke6 36. Rf8 Kd7 37. Rb8 Kc7 38. Re8 Re5 39. b4 Kd7
40. Rb8 Kc7 41. Re8 Kb6 42. Kd3 Re1 43. a4 a5 44. bxa5+ Kxa5 45. Ra8+ Kb6 46.
a5+ Kc6 47. Rc8+ Kd7 48. Ra8 Ra1 49. Kc3 e5 50. Kb2 Rd1 51. a6 bxa6 52. Rxa6
Kc7 53. Kc3 Kb7 54. Ra2 Rc1+ 55. Kd3 Rb1 56. Ra5 Kb6 57. Ra8 Rb3+ 58. Ke4 Rc3
59. Kd5 Rd3+ 60. Ke6 Kc5 61. Rc8+ Kb4 62. Rc6 e4 63. Kf5 e3 64. Rc8 e2 65. Re8
Rd2 66. Re4 Kc3 67. Kf4 Rd4 0-1

[Event "4NCL Division 2c"]
[Site "Telford, ENG"]
[Date "2019.05.06"]
[Round "11.35"]
[White "Willson, Ollie"]
[Black "Yoon, Jacob D"]
[Result "1-0"]
[WhiteElo "2155"]
[BlackElo "1971"]
[PlyCount "89"]
[EventDate "2019.05.06"]
[WhiteTeam "Sussex Martlets 1"]
[BlackTeam "KJCA Kings"]

1. d4 e6 2. c4 b6 3. Nf3 Bb7 4. Nc3 Bb4 5. Bd2 f5 6. g3 Nf6 7. Bg2 O-O 8. O-O
Qe8 9. Nb5 Bxd2 10. Nxc7 Qc8 11. Nxa8 Bh6 12. Nxb6 axb6 13. Qb3 Qc7 14. e3 Ne4
15. Rac1 Bg5 16. Nxg5 Nxg5 17. d5 Na6 18. Rfd1 Nc5 19. Qc2 Rc8 20. b4 Na6 21.
a3 Nf7 22. Qb3 e5 23. c5 bxc5 24. bxc5 Rb8 25. d6 Qc8 26. Bxb7 Rxb7 27. Qd3 Qc6
28. Qxf5 h6 29. h4 Rb5 30. Qd3 Rxc5 31. Rxc5 Nxc5 32. Qc4 Qf3 33. Qd5 Ne4 34.
Rf1 Qf5 35. a4 Kh7 36. Qd3 Nxg3 37. Qxf5+ Nxf5 38. a5 N7xd6 39. Rd1 Nc4 40. a6
Nb6 41. Rb1 Nc8 42. h5 Nfd6 43. Rb7 Nc4 44. Rxd7 N8b6 45. Rc7 1-0

[Event "4NCL Division 2c"]
[Site "Telford, ENG"]
[Date "2019.05.06"]
[Round "11.36"]
[White "Royal, Shreyas"]
[Black "Miller, Dominic"]
[Result "0-1"]
[WhiteElo "1943"]
[BlackElo "2177"]
[PlyCount "98"]
[EventDate "2019.05.06"]
[WhiteTeam "KJCA Kings"]
[BlackTeam "Sussex Martlets 1"]

1. d4 Nf6 2. c4 g6 3. Nc3 d5 4. cxd5 Nxd5 5. e4 Nxc3 6. bxc3 Bg7 7. Ba3 Nd7 8.
Nf3 c5 9. Bc4 cxd4 10. Qb3 O-O 11. cxd4 Nb6 12. Be2 Be6 13. Qb4 Rc8 14. O-O Bc4
15. Bxc4 Nxc4 16. Rad1 a5 17. Qb3 Nxa3 18. Qxa3 b5 19. e5 b4 20. Qe3 Qd5 21.
Qg5 Rc7 22. Qh4 a4 23. Rd2 Rfc8 24. h3 Rc1 25. Rxc1 Rxc1+ 26. Kh2 Bf8 27. Qf4
a3 28. Re2 Qc4 29. Ng5 Bh6 30. e6 f6 31. Qb8+ Qc8 32. Qxc8+ Rxc8 33. Ne4 f5 34.
Nc5 Bg7 35. Nb3 Kf8 36. g4 Rc3 37. Kg2 fxg4 38. hxg4 Rxb3 39. axb3 Bxd4 40. Ra2
h5 41. g5 Bb2 42. f4 Ke8 43. Kf3 Kd8 44. f5 gxf5 45. Kf4 h4 46. g6 Kc7 47. Rxb2
axb2 48. g7 b1=Q 49. g8=Q Qe4+ 0-1

[Event "4NCL Division 2c"]
[Site "Telford, ENG"]
[Date "2019.05.06"]
[Round "11.37"]
[White "Graham, Cassie M"]
[Black "Jamroz, Viktor"]
[Result "1-0"]
[WhiteElo "2057"]
[BlackElo "1915"]
[PlyCount "69"]
[EventDate "2019.05.06"]
[WhiteTeam "Sussex Martlets 1"]
[BlackTeam "KJCA Kings"]

1. e4 e6 2. Nf3 d5 3. e5 c5 4. b4 cxb4 5. a3 Nc6 6. d4 Bd7 7. axb4 Bxb4+ 8. c3
Be7 9. Bd3 Rc8 10. O-O a6 11. Re1 Na7 12. Qc2 Nb5 13. Bb2 Nh6 14. Nbd2 Nf5 15.
Qb3 g6 16. Nf1 h5 17. c4 dxc4 18. Bxc4 Ng7 19. Red1 O-O 20. Ne3 Bg5 21. Nxg5
Qxg5 22. d5 Rfd8 23. g3 h4 24. f4 Qh5 25. Rd2 Kh8 26. Be2 Qh7 27. Bf3 exd5 28.
Bxd5 Be6 29. Rad1 h3 30. Bxe6 Rxd2 31. Bxc8 Rxd1+ 32. Qxd1 Nc7 33. Qd8+ Nce8
34. e6 g5 35. Qxe8+ 1-0

[Event "4NCL Division 2c"]
[Site "Telford, ENG"]
[Date "2019.05.06"]
[Round "11.38"]
[White "Metcalfe, Charlie P"]
[Black "Hamilton, Michael J"]
[Result "0-1"]
[WhiteElo "1722"]
[BlackElo "2005"]
[PlyCount "44"]
[EventDate "2019.05.06"]
[WhiteTeam "KJCA Kings"]
[BlackTeam "Sussex Martlets 1"]

1. d4 e6 2. Nf3 c5 3. d5 exd5 4. Qxd5 Nf6 5. Qe5+ Be7 6. c4 Nc6 7. Qc3 O-O 8.
g3 d5 9. cxd5 Nxd5 10. Qd2 Bf5 11. Nc3 Ncb4 12. e4 Nxc3 13. exf5 Ne4 14. Qe2
Bf6 15. Bg2 Nd3+ 16. Kf1 Nexf2 17. Ne1 Re8 18. Be3 Bd4 19. Nxd3 Nxd3 20. Qxd3
Rxe3 21. Qd2 Qd7 22. Bh3 Qb5+ 0-1

[Event "4NCL Division 2c"]
[Site "Telford, ENG"]
[Date "2019.05.06"]
[Round "11.41"]
[White "Wall, Gavin"]
[Black "Akshat, Khamparia"]
[Result "0-1"]
[WhiteElo "2312"]
[BlackElo "2415"]
[PlyCount "118"]
[EventDate "2019.05.06"]
[WhiteTeam "Gonzaga"]
[BlackTeam "Barnet Knights 1"]

1. e4 c5 2. Nf3 d6 3. d4 Nf6 4. Nc3 cxd4 5. Qxd4 a6 6. Bg5 Nc6 7. Qd2 h6 8.
Bxf6 gxf6 9. O-O-O e6 10. g3 b5 11. Nh4 Qa5 12. Kb1 Bb7 13. f4 b4 14. Ne2 b3
15. Qxa5 bxc2+ 16. Kxc2 Nxa5 17. Bg2 Be7 18. Nc3 Kd7 19. Rd3 Rhc8 20. Rhd1 Bc6
21. b3 Nb7 22. Kb2 a5 23. Bh3 Nc5 24. Rd4 Ke8 25. f5 e5 26. Rc4 Rab8 27. Bf1 a4
28. b4 Nxe4 29. Nd5 Bxd5 30. Rxc8+ Rxc8 31. Rxd5 Nc3 32. Rd3 Nb5 33. Rd5 Nc3
34. Rd3 Nb5 35. Rd5 Nd4 36. b5 Kd7 37. Bg2 Rc4 38. a3 Kc7 39. Be4 Kb6 40. Bd3
Rc5 41. Rxc5 Kxc5 42. b6 Kxb6 43. Bc4 Kc5 44. Bxf7 e4 45. Ng2 Nxf5 46. Bg6 Nd4
47. Bxe4 f5 48. Bd3 Bf6 49. Kc1 Be5 50. Kd1 Nb5 51. Bc2 Kb6 52. Kc1 Ka5 53. Ne3
Nxa3 54. Bxf5 Kb4 55. Bd7 Nb5 56. Nc2+ Kc5 57. Be8 d5 58. Bd7 a3 59. Bxb5 Bb2+
0-1

[Event "4NCL Division 2c"]
[Site "Telford, ENG"]
[Date "2019.05.06"]
[Round "11.42"]
[White "Villiers, Thomas"]
[Black "Jessel, Stephen"]
[Result "1/2-1/2"]
[WhiteElo "2245"]
[BlackElo "2307"]
[PlyCount "61"]
[EventDate "2019.05.06"]
[WhiteTeam "Barnet Knights 1"]
[BlackTeam "Gonzaga"]

1. Nf3 d5 2. g3 Nc6 3. d4 Bf5 4. Nh4 Bg4 5. Bg2 e6 6. c4 dxc4 7. Qa4 Bb4+ 8.
Bd2 Bxd2+ 9. Nxd2 Nge7 10. e3 e5 11. Nhf3 exd4 12. Nxd4 Bd7 13. Qxc4 O-O 14.
N2b3 Nxd4 15. Nxd4 c6 16. O-O Qb6 17. Rac1 Nf5 18. Rfd1 Rfd8 19. Nf3 Qxb2 20.
e4 Be6 21. Qc5 Nh6 22. Nd4 Qxa2 23. Nxe6 Qxe6 24. Qxa7 Qb3 25. Bf1 Re8 26. Qd4
Qa4 27. Qd7 Qxe4 28. Qxb7 Rab8 29. Qxc6 Qxc6 30. Rxc6 Re7 31. Rdc1 1/2-1/2

[Event "4NCL Division 2c"]
[Site "Telford, ENG"]
[Date "2019.05.06"]
[Round "11.43"]
[White "Delaney, Killian"]
[Black "Smith, Andrew Philip"]
[Result "1-0"]
[WhiteElo "2234"]
[BlackElo "2207"]
[PlyCount "59"]
[EventDate "2019.05.06"]
[WhiteTeam "Gonzaga"]
[BlackTeam "Barnet Knights 1"]

1. c4 c5 2. Nf3 Nf6 3. Nc3 d5 4. cxd5 Nxd5 5. e3 Nc6 6. Bb5 Nc7 7. Bxc6+ bxc6
8. Qa4 Bb7 9. O-O e6 10. d4 Be7 11. dxc5 Bxc5 12. Rd1 Qe7 13. Ne4 O-O 14. Bd2
Nd5 15. Rac1 Bb6 16. b4 Rfd8 17. Ne5 Qh4 18. Rc4 Qh5 19. Nf3 Ne7 20. Nc5 Bxc5
21. Rxc5 Rd5 22. Rdc1 h6 23. Qa5 Kf8 24. h3 Qf5 25. a4 Qd3 26. Qc7 Qa6 27. b5
cxb5 28. Bb4 Rd7 29. Qa5 bxa4 30. Ne5 1-0

[Event "4NCL Division 2c"]
[Site "Telford, ENG"]
[Date "2019.05.06"]
[Round "11.44"]
[White "Ethelontis, Alexandros N"]
[Black "McPhillips, Karl"]
[Result "1-0"]
[WhiteElo "2185"]
[BlackElo "2243"]
[PlyCount "78"]
[EventDate "2019.05.06"]
[WhiteTeam "Barnet Knights 1"]
[BlackTeam "Gonzaga"]

1. c4 e5 2. Nc3 Nc6 3. g3 g6 4. Bg2 Bg7 5. d3 d6 6. e4 f5 7. Nge2 Nf6 8. O-O
O-O 9. Nd5 Ne7 10. Bg5 Nfxd5 11. cxd5 f4 12. gxf4 exf4 13. Nxf4 Bxb2 14. Ne6
Bxe6 15. dxe6 Bf6 16. Bh6 Bg7 17. Bxg7 Kxg7 18. f4 Rf6 19. Qg4 c6 20. Rab1 b5
21. Kh1 Qa5 22. f5 Raf8 23. Qg3 Qa3 24. Rf3 Qc5 25. Rbf1 Qe5 26. Qg4 c5 27. Rh3
d5 28. Qh4 h5 29. Qg5 Rh8 30. Rhf3 a5 31. Qe3 d4 32. Qe1 c4 33. Qxa5 c3 34. Qa7
Re8 35. Rg3 Kh6 36. Qd7 Qb8 37. Qxd4 Ref8 38. Qxc3 h4 39. Qd2+ Kg7 1-0

[Event "4NCL Division 2c"]
[Site "Telford, ENG"]
[Date "2019.05.06"]
[Round "11.45"]
[White "Murray, David"]
[Black "Eden, Tomer"]
[Result "0-1"]
[WhiteElo "2152"]
[BlackElo "2140"]
[PlyCount "90"]
[EventDate "2019.05.06"]
[WhiteTeam "Gonzaga"]
[BlackTeam "Barnet Knights 1"]

1. e4 c6 2. d4 d5 3. e5 Bf5 4. h4 h6 5. g4 Be4 6. f3 Bh7 7. e6 Qd6 8. exf7+
Kxf7 9. Ne2 Nd7 10. Nbc3 e5 11. Be3 Ngf6 12. Qd2 exd4 13. Bxd4 Ne5 14. Bxe5
Qxe5 15. O-O-O Bc5 16. Nd4 Rae8 17. Na4 Bxd4 18. Qxd4 Qe3+ 19. Qxe3 Rxe3 20. g5
Nh5 21. Bd3 Bxd3 22. Rxd3 Rxd3 23. cxd3 Nf4 24. gxh6 Rxh6 25. Kd2 Rh5 26. Ke3
Ng2+ 27. Kf2 Rxh4 28. Kxg2 Rxa4 29. a3 Rd4 30. Rd1 c5 31. Rc1 b6 32. Rc3 a5 33.
Rb3 a4 34. Rxb6 Rxd3 35. Kf2 c4 36. Rb4 Rb3 37. Rxa4 Ke6 38. Ra7 d4 39. Rxg7
Rxb2+ 40. Ke1 d3 41. Rc7 Kd5 42. f4 Kd4 43. f5 c3 44. Re7 Rb1+ 45. Kf2 c2 0-1

[Event "4NCL Division 2c"]
[Site "Telford, ENG"]
[Date "2019.05.06"]
[Round "11.46"]
[White "Willmoth, Robert F"]
[Black "Jackson, Carl"]
[Result "1-0"]
[WhiteElo "2192"]
[BlackElo "2136"]
[PlyCount "119"]
[EventDate "2019.05.06"]
[WhiteTeam "Barnet Knights 1"]
[BlackTeam "Gonzaga"]

1. d4 c5 2. c3 d5 3. Nf3 e6 4. Bf4 Nc6 5. e3 Nf6 6. Nbd2 Be7 7. Bd3 Bd7 8. h3
O-O 9. Ne5 Be8 10. Bg3 Nxe5 11. dxe5 Nd7 12. e4 f6 13. exd5 exd5 14. e6 Nb6 15.
Qc2 g6 16. O-O Bd6 17. Bxd6 Qxd6 18. Rfe1 f5 19. c4 d4 20. b4 Na4 21. b5 Nc3
22. Nb1 Nxb1 23. Raxb1 Rf6 24. Qe2 g5 25. Qf3 Qe7 26. Re5 Bg6 27. Rbe1 Raf8 28.
Qd5 b6 29. a4 h6 30. a5 Rd8 31. Qf3 Rd6 32. axb6 axb6 33. Qe2 Kg7 34. g3 f4 35.
Bxg6 Kxg6 36. Qe4+ Kg7 37. Kg2 d3 38. Rd1 d2 39. Qc2 fxg3 40. fxg3 Rfxe6 41.
Rxe6 Rxe6 42. Rxd2 Qb7+ 43. Rd5 Qe7 44. Qd3 Qf6 45. Rf5 Qb2+ 46. Rf2 Qd4 47.
Qxd4+ cxd4 48. Rd2 Re4 49. Kf3 Re3+ 50. Kf2 Re7 51. Re2 Rxe2+ 52. Kxe2 Kf6 53.
Kd3 Ke5 54. g4 Kf4 55. c5 bxc5 56. b6 Kg3 57. b7 Kxh3 58. b8=Q Kxg4 59. Qc8+
Kg3 60. Qxc5 1-0

[Event "4NCL Division 2c"]
[Site "Telford, ENG"]
[Date "2019.05.06"]
[Round "11.47"]
[White "McMorrow, John"]
[Black "Covey, Jason"]
[Result "0-1"]
[WhiteElo "2058"]
[BlackElo "2125"]
[PlyCount "74"]
[EventDate "2019.05.06"]
[WhiteTeam "Gonzaga"]
[BlackTeam "Barnet Knights 1"]

1. e4 e6 2. b3 d5 3. Bb2 dxe4 4. Nc3 Nf6 5. Qe2 Be7 6. Nxe4 Nbd7 7. O-O-O O-O
8. h4 a5 9. a4 Nxe4 10. Qxe4 Nf6 11. Qf3 e5 12. Re1 e4 13. Qe2 Re8 14. Qd1 Bf5
15. Be2 Qd7 16. f3 Red8 17. Bc4 c6 18. g4 exf3 19. gxf5 f2 20. Rf1 fxg1=Q 21.
Rhxg1 b5 22. Bd3 bxa4 23. bxa4 Rab8 24. Rf3 Rxb2 25. Kxb2 Qd4+ 26. c3 Rb8+ 27.
Bb5 Qd5 28. Rfg3 cxb5 29. Rxg7+ Kf8 30. Qh5 Qxd2+ 31. Ka1 Qxc3+ 32. Ka2 Qc4+
33. Ka1 bxa4 34. Rxf7+ Qxf7 35. Qh6+ Ke8 36. Qf4 Qb3 37. Qc1 Qa3+ 0-1

[Event "4NCL Division 2c"]
[Site "Telford, ENG"]
[Date "2019.05.06"]
[Round "11.48"]
[White "Iyengar, Ilya"]
[Black "Carroll, Peter"]
[Result "1/2-1/2"]
[WhiteElo "1970"]
[BlackElo "2006"]
[PlyCount "48"]
[EventDate "2019.05.06"]
[WhiteTeam "Barnet Knights 1"]
[BlackTeam "Gonzaga"]

1. d4 Nf6 2. Nf3 g6 3. c4 Bg7 4. g3 O-O 5. Bg2 c5 6. O-O d6 7. dxc5 dxc5 8.
Qxd8 Rxd8 9. Ne5 Ne8 10. Nd3 Na6 11. Nc3 Nd6 12. Nd5 Kf8 13. Ne3 Rb8 14. Rb1
Be6 15. b3 b5 16. cxb5 Rxb5 17. Bb2 Bxb2 18. Nxb2 Rdb8 19. Rfc1 Nb4 20. a4 R5b6
21. Nbc4 Nxc4 22. Nxc4 Bxc4 23. Rxc4 Na6 24. Rc3 e6 1/2-1/2

[Event "4NCL Division 2c"]
[Site "Telford, ENG"]
[Date "2019.03.17"]
[Round "8.11"]
[White "Carleton, John J"]
[Black "Wall, Gavin"]
[Result "0-1"]
[WhiteElo "2270"]
[BlackElo "2315"]
[PlyCount "68"]
[EventDate "2019.03.17"]
[WhiteTeam "Spirit of Atticus A"]
[BlackTeam "Gonzaga"]

1. d4 f5 2. c4 Nf6 3. Nc3 d6 4. Bg5 Nbd7 5. Qc2 g6 6. h4 h6 7. Bd2 e5 8. e3 c6
9. O-O-O Qe7 10. f3 h5 11. Nh3 Bh6 12. Be2 Nb6 13. Ng5 Be6 14. Qb3 Bxg5 15.
hxg5 Nfd7 16. f4 O-O-O 17. Qa3 exd4 18. exd4 Bxc4 19. Bxc4 Nxc4 20. Qxa7 d5 21.
Na4 Qd6 22. Rhe1 Rde8 23. Nc5 Qb8 24. Qxb8+ Nxb8 25. b3 Nd6 26. Bb4 Ne4 27.
Nxe4 fxe4 28. Kd2 Kd7 29. Rh1 Na6 30. Ba3 Nc7 31. Bb4 Ne6 32. Rh4 Nxd4 33. Bc3
Nf5 34. Bxh8 Nxh4 0-1

[Event "4NCL Division 2c"]
[Site "Telford, ENG"]
[Date "2019.03.17"]
[Round "8.12"]
[White "O'Donnell, Conor"]
[Black "Lund, D Brett"]
[Result "1/2-1/2"]
[WhiteElo "2373"]
[BlackElo "2258"]
[PlyCount "82"]
[EventDate "2019.03.17"]
[WhiteTeam "Gonzaga"]
[BlackTeam "Spirit of Atticus A"]

1. d4 Nf6 2. c4 c5 3. d5 e5 4. Nc3 d6 5. e4 Be7 6. Bd3 Nbd7 7. Nge2 Nf8 8. O-O
Ng6 9. Ng3 Nf4 10. Bxf4 exf4 11. Nh5 Nxh5 12. Qxh5 g6 13. Qf3 Bg5 14. Rfe1 O-O
15. e5 dxe5 16. Rxe5 f5 17. Rae1 Bd7 18. Bf1 Re8 19. Rxe8+ Bxe8 20. Qd1 Bf7 21.
Be2 Qd7 22. Bf3 Bf6 23. Qd2 g5 24. Bd1 Re8 25. Rxe8+ Qxe8 26. Bc2 Qe5 27. Bd3
b6 28. Qd1 Be8 29. Kf1 Bd7 30. Qe2 Qxe2+ 31. Kxe2 Bxc3 32. bxc3 Kg7 33. g3 fxg3
34. hxg3 h6 35. f4 Kf6 36. Ke3 g4 37. Bc2 Ke7 38. Kd2 Kd6 39. a4 Bc8 40. Ke3
Bd7 41. Bb3 Bc8 1/2-1/2

Event "4NCL Div 2c"]
[Site "Telford"]
[Date "2019.03.17"]
[Round "8"]
[White "House, Glenn L"]
[Black "Delaney, Killian"]
[Result "1/2-1/2"]
[WhiteElo "2219"]
[BlackElo "2236"]
[PlyCount "124"]
[EventDate "1994.10.02"]
[SourceVersionDate "2018.11.15"]
[WhiteTeam "Spirit of Atticus"]
[BlackTeam "Gonzaga"]

1. e4 c6 2. d3 d5 3. Nd2 e5 4. Ngf3 Bd6 5. g3 Nf6 6. Bg2 O-O 7. O-O Qc7 8. b3
a5 9. a4 Be6 10. h3 h6 11. Nh4 dxe4 12. dxe4 Rd8 13. Qe2 b5 14. Bb2 Na6 15.
Rfd1 Rab8 16. Nf5 Bf8 17. Nf3 Nd7 18. Ne3 f6 19. Nh4 Nac5 20. axb5 Rxb5 21. Nd5
Qa7 22. Ng6 Re8 23. Nxf8 Nxf8 24. Nc3 Rb4 25. Qe3 Nfd7 26. Na4 Rb7 27. Bc3 Ra8
28. Rd6 Nxa4 29. Qxa7 Rbxa7 30. Rxa4 Nc5 31. Ra1 Bd7 32. Bd2 Be8 {(=)} 33. Be3
Nb7 34. Rdd1 c5 35. Bf1 Bf7 36. Bb5 Be6 37. g4 Kf7 38. Ra4 Ke7 39. Bc6 Rc8 40.
Bxb7 Rxb7 41. Rxa5 c4 42. b4 h5 43. f3 hxg4 44. hxg4 Rd8 45. Bc5+ Ke8 46. Rxd8+
Kxd8 47. Kf2 Rd7 48. Ra6 Bf7 49. Ke3 Kc8 50. Ra8+ Kb7 51. Ra7+ Kc8 52. Rxd7
Kxd7 53. Bf8 g6 54. Bg7 Ke6 55. b5 Be8 56. b6 Bc6 57. Kd2 f5 58. gxf5+ gxf5 59.
Kc3 fxe4 60. fxe4 Bxe4 61. Kxc4 Kd7 62. Bxe5 Kc6 {(=)} 1/2-1/2

[Event "4NCL Division 2c"]
[Site "Telford, ENG"]
[Date "2019.03.17"]
[Round "8.14"]
[White "Li, Henry"]
[Black "Ivell, Nicholas W"]
[Result "1-0"]
[WhiteElo "2303"]
[BlackElo "2211"]
[PlyCount "57"]
[EventDate "2019.03.17"]
[WhiteTeam "Gonzaga"]
[BlackTeam "Spirit of Atticus A"]

1. e4 c5 2. Nf3 e6 3. d4 cxd4 4. Nxd4 Nf6 5. Nc3 d6 6. g4 h6 7. h4 Nc6 8. Rg1
d5 9. exd5 Nxd5 10. Nxd5 exd5 11. Bb5 Bd7 12. Be3 Be7 13. Qf3 O-O 14. Bxc6 bxc6
15. g5 hxg5 16. hxg5 g6 17. Qh1 Re8 18. Qh4 Bf8 19. Rh1 Bg7 20. O-O-O Rxe3 21.
fxe3 c5 22. Nb3 Qb6 23. Rxd5 Be6 24. Qc4 Bxd5 25. Qxd5 Rb8 26. Rf1 Qc7 27. c3
Rc8 28. Nxc5 Rd8 29. Rxf7 1-0

[Event "4NCL Division 2c"]
[Site "Telford, ENG"]
[Date "2019.03.17"]
[Round "8.15"]
[White "Latham, David"]
[Black "Menzies, Colin"]
[Result "0-1"]
[WhiteElo "2083"]
[BlackElo "2187"]
[PlyCount "94"]
[EventDate "2019.03.17"]
[WhiteTeam "Spirit of Atticus A"]
[BlackTeam "Gonzaga"]

1. d4 Nf6 2. c4 b6 3. Nc3 Bb7 4. Nf3 e6 5. g3 Bb4 6. Bg2 O-O 7. Qb3 Be7 8. O-O
d5 9. cxd5 Nxd5 10. Ne5 Bf6 11. e4 Nxc3 12. Qxc3 Bxe5 13. dxe5 Ba6 14. Re1 c5
15. Be3 Qd3 16. Qc1 Rd8 17. Bf1 Qd7 18. Bg5 Rc8 19. Rd1 Qb7 20. Bxa6 Qxa6 21.
Qc3 Nc6 22. Be3 Qa5 23. f4 Qxc3 24. bxc3 Na5 25. Rd7 Kf8 26. f5 Rd8 27. Rad1
Ke8 28. Rxd8+ Rxd8 29. Rxd8+ Kxd8 30. Kf2 Kd7 31. h4 Nc4 32. Bf4 Kc6 33. g4 b5
34. h5 a5 35. Kg3 b4 36. f6 g6 37. Kh4 bxc3 38. Kg5 c2 39. Kh6 Nxe5 40. Kxh7
Nxg4 41. hxg6 Nxf6+ 42. Kg7 Nh5+ 43. Kxf7 Nxf4 44. g7 c1=Q 45. g8=Q Kb5 46.
Qb8+ Kc4 47. e5 Qc2 0-1

[Event "4NCL Division 2c"]
[Site "Telford, ENG"]
[Date "2019.03.17"]
[Round "8.16"]
[White "Freeman, Gordon"]
[Black "Ackley, Peter J E"]
[Result "1/2-1/2"]
[WhiteElo "2104"]
[BlackElo "2016"]
[PlyCount "71"]
[EventDate "2019.03.17"]
[WhiteTeam "Gonzaga"]
[BlackTeam "Spirit of Atticus A"]

1. c4 d6 2. g3 g6 3. Bg2 Bg7 4. e4 e5 5. Ne2 Ne7 6. Nbc3 Nd7 7. O-O O-O 8. d4
exd4 9. Nxd4 Nc6 10. Nxc6 bxc6 11. Qc2 Ne5 12. b3 Nf3+ 13. Bxf3 Qf6 14. Bg2
Qxc3 15. Qxc3 Bxc3 16. Rb1 Rb8 17. Be3 c5 18. Rbc1 Bg7 19. f4 Bb7 20. Rfe1 Rfe8
21. e5 Bxg2 22. Kxg2 dxe5 23. fxe5 Rxe5 24. Bf4 Rxe1 25. Rxe1 Rc8 26. Re7 Kf8
27. Rxc7 Rxc7 28. Bxc7 Ke7 29. Kf3 Ke6 30. Bb8 a6 31. Ba7 Bf8 32. Bb6 f5 33.
Ba5 Bg7 34. Bd2 Bf6 35. Be3 Be7 36. Bc1 1/2-1/2

[Event "4NCL Division 2c"]
[Site "Telford, ENG"]
[Date "2019.03.17"]
[Round "8.17"]
[White "Jackson, Sheila"]
[Black "Carroll, Peter"]
[Result "1/2-1/2"]
[WhiteElo "2057"]
[BlackElo "1994"]
[PlyCount "61"]
[EventDate "2019.03.17"]
[WhiteTeam "Spirit of Atticus A"]
[BlackTeam "Gonzaga"]

1. e4 c5 2. Nf3 d6 3. Bb5+ Nc6 4. O-O Bd7 5. Re1 a6 6. Bxc6 Bxc6 7. d4 cxd4 8.
Nxd4 Nf6 9. Nc3 g6 10. Bg5 Bg7 11. h3 h6 12. Nxc6 bxc6 13. Be3 Rb8 14. Qd3 Rxb2
15. Qxa6 O-O 16. Qxc6 Rxc2 17. Rac1 Rxc1 18. Rxc1 Qa8 19. Qxa8 Rxa8 20. Bd4 Ra3
21. f3 Nd7 22. Bxg7 Kxg7 23. Nd5 e6 24. Nb4 Ra4 25. Rc7 Nc5 26. Nc6 Rxa2 27.
Nd8 Ra8 28. Nxf7 Na6 29. Rd7 Nc5 30. Rc7 Na6 31. Rd7 1/2-1/2

[Event "4NCL Division 2c"]
[Site "Telford, ENG"]
[Date "2019.03.17"]
[Round "8.18"]
[White "Bourached, Anthony"]
[Black "Phillips, David A"]
[Result "1/2-1/2"]
[WhiteElo "2044"]
[BlackElo "2040"]
[PlyCount "122"]
[EventDate "2019.03.17"]
[WhiteTeam "Gonzaga"]
[BlackTeam "Spirit of Atticus A"]

1. d4 Nf6 2. c4 c5 3. d5 b5 4. Qc2 bxc4 5. e4 d6 6. Bxc4 g6 7. Nc3 Bg7 8. Nf3
O-O 9. O-O Ba6 10. Nb5 Qb6 11. a4 Nbd7 12. Bd2 Ng4 13. Bc3 Nge5 14. Nxe5 Nxe5
15. b3 f5 16. exf5 Rxf5 17. Be2 Raf8 18. Qd2 Bxb5 19. axb5 c4 20. Ba5 Qxb5 21.
bxc4 Qc5 22. Qe3 Rxf2 23. Qxc5 Rxf1+ 24. Bxf1 dxc5 25. Re1 Ng4 26. g3 Bd4+ 27.
Kh1 Rf2 28. Bg2 Ne3 29. Bh3 Kg7 30. Bc7 Kf6 31. Bf4 Nxc4 32. Re6+ Kf7 33. Bh6
Nd6 34. Bg5 Bf6 35. Be3 Rc2 36. Bf4 Nf5 37. Ra6 Nd4 38. Rxa7 Nf5 39. g4 Nh4 40.
g5 Rb2 41. Be6+ Kg7 42. gxf6+ Kxf6 43. Kg1 Nf3+ 44. Kf1 Nxh2+ 45. Ke1 Nf3+ 46.
Kd1 Rb1+ 47. Kc2 Rb4 48. Be3 Nd4+ 49. Bxd4+ cxd4 50. Kd3 h5 51. Ra8 Ke5 52. Rf8
Rb3+ 53. Ke2 Rg3 54. Rf7 d3+ 55. Kf2 d2 56. Rxe7 Kd4 57. Kxg3 d1=Q 58. d6 g5
59. d7 Qg1+ 60. Kf3 Qf1+ 61. Kg3 Qg1+ 1/2-1/2